1525 1714 1430 1568 1568 1093 1801 1550 1578 1147 1804 1052 1121 1162 1759 1862 1985 1645 1669 1013 1781 1819 1824 1340 1688 1672 1523 1618 1715 1186 1232 1757 1623 1631 1615 1528 1750 1977 1715 1977 1805 1893 1372 1973 1291 1560 1206 1740 1720 1121 1014 1730 1996 1339 1023 1111 1963 1156 1515 1422 1288 1329 1299 1324 1440 1353 1093 1219 1790 1799 1873 1642 1915 1170 1929 1236 1574 1711 1634 1892 1479 1528 1327 1662 1306 1930 1371 1014 1371 1716 1777 1516 1516 1223 1260 1224 1360 1312 1501 BCNSPRNW ULIB Ver.6.0+V

เปลี่ยนเป็นภาษาไทย

Change to English
 แสดงรายละเอียดบรรณานุกรม
  กลับหน้าหลัก

Brief Record : Get Marc (ISO 2709) : E-mail record : QR code < ปิดหน้าต่าง
LEADER : 00000nam 2200000uu 4500
001    13399124343
003     ULIB
008    150511s2552||||th 000 0 tha d
020    ^a9786167052618
099    ^aนว ว257อ
100    ^aวรรณวรรธน์
245    ^aอขิทโร ลูกปัดมนตรา เล่ม 1
250    ^aพิมพ์ครั้งที่ 3
260    ^aกรุงเทพฯ :^bณ บ้านวรรณกรรม กรุ๊ป,^c2552
300    ^a312 หน้า
650    ^aวรรณวรรธน์^xนิยาย
945    ^p240^l0^i039387
999    ^aเกษร โพธิ์สุวรรณ
รายการนี้ยังไม่มีแท็ก
คุณยังไม่ได้ล็อกอิน คุณสามารถมีกิจกรรมร่วมกับเว็บไซต์ได้ แต่ต้องล็อกอินก่อน ::
  ล็อกอิน

รายการสื่อสารสนเทศ

ลำดับที่ ประเภท เลขเรียก/บาร์โค้ด สถานที่ สถานะ
1. นวนิยาย
นวนิยาย
นว ว257อ ฉ.1 
  Barcode: 039387
ห้องสมุดวิทยาเขตสวรรค์ประชารักษ์
►นวนิยาย
บนชั้น
  ขอยืม

รายการใกล้เคียง
    ผู้แต่ง [วรรณวรรธน์]

BibComment


ยังไม่เคยถูกคอมเมนท์

คอมเมนท์ทรัพยากรรายการนี้
  คอมเมนท์: อขิทโร ลูกปัดมนต..


 Copyright 2026. Bcnsprnw @Library